| 000 | 00426 a2200169 4500 | ||
|---|---|---|---|
| 001 | 191236 | ||
| 020 | _a85-16-03648-0 | ||
| 040 | _cMagnum | ||
| 100 | _aCunha, Leo | ||
| 240 | 1 | 0 |
_aO macacão espantado, e esse quarto é uma bagunça _lpor |
| 245 | 1 | 0 | _aO macacão espantado, e esse quarto é uma bagunça |
| 300 | _a39 | ||
| 362 | 0 | _a2003 | |
| 440 | 1 | _aSalamandra | |
| 697 | _aLITERATURA INFANTO-JUVENIL | ||
| 942 | _cBK | ||
| 999 |
_c191236 _d191236 |
||